100 Primeros decretos leyes dictados por la Junta de Gobierno de la República de Chile

Αποθηκεύτηκε σε:
Λεπτομέρειες βιβλιογραφικής εγγραφής
Μορφή: Βιβλίο
Γλώσσα:Ισπανικά
Έκδοση: Santiago Jurídica de Chile 1973
Σειρά:Textos Legales, 2
Θέματα:
Ετικέτες: Προσθήκη ετικέτας
Δεν υπάρχουν, Καταχωρήστε ετικέτα πρώτοι!

MARC

LEADER 00000cam a2200000 a 4500
001 UCR0901
003 CL-VaPUC
008 971205e19730000CL |||||||||||||||||spa|d
082 0 4 |a 348.022  |b PRI  |2 21 
245 1 0 |a 100 Primeros decretos leyes dictados por la Junta de Gobierno de la República de Chile 
300 |a 264 p 
942 |c BK 
945 |d 19971205 00:00:00  |a lriquelm 
260 |a Santiago  |b Jurídica de Chile  |c 1973 
650 7 |a LEGISLACION  |2 CL-VaPUC  |9 397481 
650 7 |a FUENTES  |2 CL-VaPUC  |9 255666 
650 7 |a DERECHO CHILENO  |2 CL-VaPUC  |9 397482 
650 7 |a DECRETO LEY  |2 CL-VaPUC  |9 382553 
651 7 |a CHILE  |2 CL-VaPUC  |9 397483 
583 |a last modification  |c 20160704 12:20:57  |k Rodrigo Vera 
490 0 |a Textos Legales, 2 
999 |c 264399  |d 264397 
952 |0 0  |1 0  |3 erb  |4 0  |6 348_022000000000000_PRI_1973  |7 0  |8 A  |9 294621  |a FDOHBE  |b FDOHBE  |e Huesbe Llanos, Marco Antonio, 1934-  |i 5308925  |o 348.022 PRI 1973  |p 5308925  |r 2024-01-30  |w 2019-11-19  |y BK  |z Catalogado en:20160708  |k HBE